000 00967nac a22002897a 4500
001 BR5300093
003 BR-BrBNA
005 20240105112905.0
008 230509b bl.|||m| |||| 00| 0 por d
040 _aBR-BrBNA
_bpor
_cBiblioteca Nacional de Agricultura
072 _aF10
090 _aF10 BR5300093
100 1 _aMota, F.S. da
110 1 _aInstituto Agronomico do Sul, Pelotas, RS (Brasil)
_95634
245 1 _aDivisao agroclimatica do Brasil meridional [Climatologia; Parana; Santa Catarina; Rio Grande do Sul]
260 3 _aPelotas, RS (Brasil):
_c1953.
300 _a18 p.
490 _aBoletim Tecnico - Instituto Agronomico do Sul (Brazil)
_vno. 7
_x
500 _a31 ref.; Summaries (En, Pt); 2 Maps, scale 1:100,00
650 _aZONEAMENTO CLIMATICO
650 _aCLIMATOLOGIA
650 _aPARANA
650 _aSANTA CATARINA
650 _aRIO GRANDE DO SUL
909 _a202312
_bLúcia Elande
_c55
_dLúcia Elande
942 _2AGRIS
_n0
_cMS
999 _c260790
_d260790